[Event "Winnipeg TNT May op"]
[Site "Winnipeg CAN"]
[Date "2008.05.20"]
[Round "3"]
[White "Bince, Rolando"]
[Black "Kernetsky, Myron"]
[Result "0-1"]
[WhiteElo "1928"]
[BlackElo "1913"]
[PlyCount "103"]
[GameId "2160767910350979"]
[EventDate "2008.05.06"]
[EventType "swiss"]
[EventRounds "4"]
[EventCountry "CAN"]
[SourceTitle "EXT 2011"]
[Source "ChessBase"]
[SourceDate "2011.11.26"]
[SourceVersion "1"]
[SourceVersionDate "2011.11.26"]
[SourceQuality "1"]

1. e4 e6 2. d4 d5 3. Nd2 Nf6 4. Bd3 c5 5. c3 cxd4 6. cxd4 Nc6 7. Ngf3 Be7 8. e5 Nd7 9. O-O Qb6 10. Nb3 a5 11. a4 Ndb8 12. Ng5 h6 13. Nf3 Na6 14. Bd2 Bd7 15. Bb5 Nc7 16. Bd3 Na6 17. Re1 Ncb4 18. Bb5 Bxb5 19. axb5 Nc7 20. Re3 Nxb5 21. Bxb4 Bxb4 22. Nc5 Nxd4 23. Nxd4 Bxc5 24. Qa4+ Ke7 25. Rb3 Bb4 26. Rd1 Rhc8 27. Nb5 Qc6 28. Rf3 Qc2 29. Qa1 Qc6 30. Nd4 Qb6 31. Qa4 Rc4 32. Nc2 Rac8 33. Ne3 Rc1 34. g3 Qc6 35. Rxc1 Qxc1+ 36. Kg2 Qc6 37. Qd1 Bc5 38. Nc2 g6 39. Qd3 b5 40. Rf6 b4 41. Qf3 Rf8 42. Ne1 Qb5 43. Nd3 Qc4 44. b3 Qc3 45. Qe2 Bd4 46. Rf3 Qxb3 47. Qd2 Qc3 48. Qxh6 Bxe5 49. Nf4 Bg7 50. Qh4+ Bf6 51. Qg4 Qc4 52. Re3 0-1

[Event "Winnipeg TNT May op"]
[Site "Winnipeg CAN"]
[Date "2008.05.20"]
[Round "3"]
[White "Evans, Brian"]
[Black "Letain, Cory"]
[Result "0-1"]
[WhiteElo "1557"]
[BlackElo "1456"]
[PlyCount "34"]
[GameId "2160767910350980"]
[EventDate "2008.05.06"]
[EventType "swiss"]
[EventRounds "4"]
[EventCountry "CAN"]
[SourceTitle "EXT 2011"]
[Source "ChessBase"]
[SourceDate "2011.11.26"]
[SourceVersion "1"]
[SourceVersionDate "2011.11.26"]
[SourceQuality "1"]

1. e4 e5 2. Nf3 Nf6 3. Nxe5 d6 4. Nf3 Nxe4 5. d4 d5 6. Be2 Bd6 7. O-O O-O 8. Re1 Re8 9. h3 Bf5 10. Bd3 Nc6 11. c3 Qf6 12. Qc2 Re7 13. Bg5 Nxg5 14. Rxe7 Nxf3+ 15. gxf3 Qg5+ 16. Kh1 Nxe7 17. Bxf5 Nxf5 0-1

[Event "Winnipeg TNT May op"]
[Site "Winnipeg CAN"]
[Date "2008.05.20"]
[Round "3"]
[White "Kuropatwa, Darren"]
[Black "Gibson, Fred"]
[Result "1-0"]
[WhiteElo "873"]
[BlackElo "1327"]
[PlyCount "41"]
[GameId "2160767910350981"]
[EventDate "2008.05.06"]
[EventType "swiss"]
[EventRounds "4"]
[EventCountry "CAN"]
[SourceTitle "EXT 2011"]
[Source "ChessBase"]
[SourceDate "2011.11.26"]
[SourceVersion "1"]
[SourceVersionDate "2011.11.26"]
[SourceQuality "1"]

1. e4 c5 2. Nf3 d6 3. Bc4 Nc6 4. Nc3 Nf6 5. d3 e6 6. O-O Be7 7. Bg5 O-O 8. d4 d5 9. exd5 exd5 10. Bd3 c4 11. Be2 Nh5 12. b3 Bxg5 13. Nxg5 Qxg5 14. Bxh5 Bh3 15. Qf3 Nxd4 16. Qxd5 Nf5 17. Bf3 Bg4 18. Qxb7 Nh4 19. Ne4 Nxf3+ 20. gxf3 Bxf3+ 21. Nxg5 1-0

[Event "Winnipeg TNT May op"]
[Site "Winnipeg CAN"]
[Date "2008.05.20"]
[Round "3"]
[White "Mundwiler, Les"]
[Black "Khedkar, Jay S"]
[Result "1/2-1/2"]
[WhiteElo "2085"]
[BlackElo "1883"]
[PlyCount "60"]
[GameId "2160767910350982"]
[EventDate "2008.05.06"]
[EventType "swiss"]
[EventRounds "4"]
[EventCountry "CAN"]
[SourceTitle "EXT 2011"]
[Source "ChessBase"]
[SourceDate "2011.11.26"]
[SourceVersion "1"]
[SourceVersionDate "2011.11.26"]
[SourceQuality "1"]

1. d4 Nf6 2. c4 g6 3. Nc3 Bg7 4. Nf3 O-O 5. h3 d5 6. Bf4 c5 7. e3 Nc6 8. Rc1 Qa5 9. Qd2 Bf5 10. Nxd5 Qxd2+ 11. Nxd2 Nxd5 12. cxd5 Nb4 13. e4 Nxa2 14. Rxc5 Bd7 15. e5 Rfc8 16. Nb3 b6 17. Rxc8+ Rxc8 18. Bd3 Ba4 19. Na1 Nb4 20. Kd2 Nxd5 21. Ba6 Rc7 22. Be3 e6 23. Rc1 Rxc1 24. Kxc1 Nxe3 25. fxe3 Bf8 26. Nc2 Bh6 27. Kd2 Bxc2 28. Kxc2 Bxe3 29. Kd3 Bf2 30. b4 Kf8 1/2-1/2

[Event "Winnipeg TNT May op"]
[Site "Winnipeg CAN"]
[Date "2008.05.20"]
[Round "3"]
[White "Nikouline, Alexandre"]
[Black "Lipnowski, Samuel"]
[Result "1/2-1/2"]
[WhiteElo "2123"]
[BlackElo "2282"]
[PlyCount "111"]
[GameId "2160767910350983"]
[EventDate "2008.05.06"]
[EventType "swiss"]
[EventRounds "4"]
[EventCountry "CAN"]
[SourceTitle "EXT 2011"]
[Source "ChessBase"]
[SourceDate "2011.11.26"]
[SourceVersion "1"]
[SourceVersionDate "2011.11.26"]
[SourceQuality "1"]

1. e4 c5 2. Nf3 d6 3. d4 cxd4 4. Nxd4 e5 5. Nb3 Nf6 6. Nc3 Be7 7. Be2 O-O 8. Be3 Be6 9. Qd2 Nbd7 10. f3 a6 11. g4 Nb6 12. g5 Nfd7 13. Nd5 Nxd5 14. exd5 Bf5 15. h4 Rc8 16. Bd3 Bxd3 17. Qxd3 f5 18. gxf6 Rxf6 19. Bg5 Rg6 20. Bxe7 Qxe7 21. O-O-O Rf8 22. Nd2 Qf7 23. Rh3 Nc5 24. Qe2 Qxd5 25. h5 Rh6 26. Rg3 Ne6 27. Ne4 Nf4 28. Qe3 Qxa2 29. Rxd6 Rxd6 30. Nxd6 Qa1+ 31. Kd2 Qxb2 32. Qc5 Ne6 33. Qd5 Qd4+ 34. Qxd4 Nxd4 35. Nxb7 Rc8 36. Kd3 Rxc2 37. Rg5 Nxf3 38. Rf5 Rc7 39. Na5 Rf7 40. Ke4 Rxf5 41. Kxf5 Kf7 42. Ke4 Ng5+ 43. Kxe5 h6 44. Nc4 g6 45. Nd6+ Kg7 46. Ne8+ Kf8 47. Nc7 gxh5 48. Nxa6 h4 49. Kf4 Kf7 50. Nc5 Kg6 51. Kg4 h3 52. Kg3 Kf5 53. Nd3 h5 54. Nf2 Ne6 55. Nxh3 Kf6 56. Nf4 1/2-1/2

[Event "Winnipeg TNT May op"]
[Site "Winnipeg CAN"]
[Date "2008.05.20"]
[Round "3"]
[White "Silva, T Romero"]
[Black "Schulz, Waldemar"]
[Result "0-1"]
[WhiteElo "1815"]
[BlackElo "2056"]
[PlyCount "128"]
[GameId "2160767910350984"]
[EventDate "2008.05.06"]
[EventType "swiss"]
[EventRounds "4"]
[EventCountry "CAN"]
[SourceTitle "EXT 2011"]
[Source "ChessBase"]
[SourceDate "2011.11.26"]
[SourceVersion "1"]
[SourceVersionDate "2011.11.26"]
[SourceQuality "1"]

1. d4 d5 2. c4 e6 3. cxd5 exd5 4. g3 Nf6 5. Bg2 c6 6. Nf3 Bb4+ 7. Nbd2 O-O 8. O-O Re8 9. a3 Bf8 10. Re1 Bf5 11. Qb3 Qb6 12. e3 Nbd7 13. Nh4 Be4 14. Qd1 Bxg2 15. Kxg2 a5 16. b3 g6 17. Bb2 Bg7 18. Rb1 Rad8 19. Nhf3 Qc7 20. Ba1 Ne4 21. Rf1 Ra8 22. Rc1 Qd6 23. a4 Qe7 24. Qc2 Ndf6 25. Qb1 Qb4 26. Qd3 Ng4 27. h3 Nexf2 28. Rxf2 Rxe3 29. Qc2 Nxf2 30. Kxf2 Re7 31. Qc5 Qxc5 32. dxc5 Rae8 33. Bxg7 Kxg7 34. Re1 Rxe1 35. Nxe1 f5 36. Kf3 Rb8 37. Nd3 Kf6 38. Ke3 g5 39. Kf3 h5 40. Ke3 Rh8 41. Nf3 Re8+ 42. Kf2 Re4 43. Nd2 Re8 44. Nf3 Rh8 45. Nd2 h4 46. Nf3 hxg3+ 47. Kxg3 f4+ 48. Kg2 Kf5 49. Nf2 Re8 50. Nd4+ Kg6 51. Kf3 Re3+ 52. Kg2 Kh5 53. Kh2 Rc3 54. Kg2 Rxc5 55. Kf3 Rc3+ 56. Ke2 c5 57. Ne6 Re3+ 58. Kd2 Rxe6 59. Nd3 b6 60. Nf2 Kh4 61. Kd1 Kg3 62. Ng4 Kxh3 63. Nf2+ Kg2 64. Nd3 f3 0-1

[Event "Winnipeg TNT May op"]
[Site "Winnipeg CAN"]
[Date "2008.05.20"]
[Round "3"]
[White "Wierda, John"]
[Black "Trueman, Francis"]
[Result "1-0"]
[WhiteElo "1716"]
[BlackElo "1462"]
[PlyCount "49"]
[GameId "2160767910350985"]
[EventDate "2008.05.06"]
[EventType "swiss"]
[EventRounds "4"]
[EventCountry "CAN"]
[SourceTitle "EXT 2011"]
[Source "ChessBase"]
[SourceDate "2011.11.26"]
[SourceVersion "1"]
[SourceVersionDate "2011.11.26"]
[SourceQuality "1"]

1. Nf3 d6 2. g3 Nf6 3. d3 g6 4. c4 Bg7 5. Bg2 O-O 6. Nc3 Nbd7 7. Bd2 e5 8. Qc1 c6 9. Bh6 a5 10. Bxg7 Kxg7 11. O-O Re8 12. Nd2 Nc5 13. a3 a4 14. Qc2 Bd7 15. b4 axb3 16. Nxb3 Nxb3 17. Qxb3 Qc8 18. Na4 Ra6 19. Nb6 Qc7 20. Rfb1 Be6 21. a4 e4 22. dxe4 d5 23. exd5 Bf5 24. Rb2 cxd5 25. Nxd5 1-0

[Event "Winnipeg TNT May op"]
[Site "Winnipeg CAN"]
[Date "2008.05.27"]
[Round "4"]
[White "Evans, Brian"]
[Black "Gibson, Fred"]
[Result "0-1"]
[WhiteElo "1557"]
[BlackElo "1327"]
[PlyCount "70"]
[GameId "2160767910350986"]
[EventDate "2008.05.06"]
[EventType "swiss"]
[EventRounds "4"]
[EventCountry "CAN"]
[SourceTitle "EXT 2011"]
[Source "ChessBase"]
[SourceDate "2011.11.26"]
[SourceVersion "1"]
[SourceVersionDate "2011.11.26"]
[SourceQuality "1"]

1. e4 c5 2. Nf3 d6 3. d4 cxd4 4. Nxd4 Nf6 5. Nc3 g6 6. Bg5 Bg7 7. Bb5+ Bd7 8. Qd3 a6 9. Bxd7+ Qxd7 10. Nce2 Nc6 11. Nxc6 bxc6 12. O-O O-O 13. Rad1 Qg4 14. Bxf6 Bxf6 15. b3 h5 16. h3 Qe6 17. f4 Rad8 18. c4 c5 19. Qd5 Qc8 20. Rf3 e6 21. Qd2 Qc7 22. Rd3 Rd7 23. Rxd6 Bd4+ 24. Rxd4 cxd4 25. Qb2 Rfd8 26. e5 d3 27. Nc3 d2 28. Ne4 Rd3 29. Rxd2 Re3 30. Nd6 Qc5 31. b4 Re1+ 32. Kh2 Qg1+ 33. Kg3 Qe3+ 34. Kh2 Qxf4+ 35. g3 Qf1 0-1

[Event "Winnipeg TNT May op"]
[Site "Winnipeg CAN"]
[Date "2008.05.27"]
[Round "4"]
[White "Kernetsky, Myron"]
[Black "Wasserman, Leor"]
[Result "1-0"]
[WhiteElo "1913"]
[BlackElo "1491"]
[PlyCount "83"]
[GameId "2160767910350987"]
[EventDate "2008.05.06"]
[EventType "swiss"]
[EventRounds "4"]
[EventCountry "CAN"]
[SourceTitle "EXT 2011"]
[Source "ChessBase"]
[SourceDate "2011.11.26"]
[SourceVersion "1"]
[SourceVersionDate "2011.11.26"]
[SourceQuality "1"]

1. d4 d5 2. c4 c6 3. Nc3 Nf6 4. Nf3 g6 5. Bf4 Bg7 6. e3 O-O 7. h3 Re8 8. Be2 Qb6 9. Qb3 Qxb3 10. axb3 Bf5 11. O-O Nbd7 12. Rfc1 Ne4 13. cxd5 Nxc3 14. Rxc3 cxd5 15. Rc7 Rec8 16. Rxb7 Rc2 17. Bb5 Nf6 18. Rbxa7 Rxa7 19. Rxa7 h5 20. Ra8+ Bf8 21. Bh6 Bc8 22. Bxf8 Kxf8 23. Ba6 Rxb2 24. Rxc8+ Kg7 25. Rb8 Ne4 26. b4 Nxf2 27. b5 Ne4 28. b6 Rb1+ 29. Kh2 Rb3 30. b7 g5 31. Ne5 f6 32. Nd3 g4 33. hxg4 hxg4 34. Rc8 Rb1 35. Nc1 g3+ 36. Kh3 Ra1 37. b8=Q Rxa6 38. Rg8+ Kf7 39. Qe8+ Ke6 40. Ne2 Nd6 41. Nf4+ Kf5 42. Qg6# 1-0

[Event "Winnipeg TNT May op"]
[Site "Winnipeg CAN"]
[Date "2008.05.27"]
[Round "4"]
[White "Khedkar, Jay S"]
[Black "Wierda, John"]
[Result "1-0"]
[WhiteElo "1883"]
[BlackElo "1716"]
[PlyCount "41"]
[GameId "2160767910350988"]
[EventDate "2008.05.06"]
[EventType "swiss"]
[EventRounds "4"]
[EventCountry "CAN"]
[SourceTitle "EXT 2011"]
[Source "ChessBase"]
[SourceDate "2011.11.26"]
[SourceVersion "1"]
[SourceVersionDate "2011.11.26"]
[SourceQuality "1"]

1. e4 e6 2. d4 d5 3. Nd2 Nf6 4. e5 Nfd7 5. Bd3 c5 6. c3 Nc6 7. Ne2 Qb6 8. Nf3 cxd4 9. cxd4 Bb4+ 10. Kf1 O-O 11. Nf4 h6 12. h4 Nd8 13. g4 f5 14. gxf5 Qc6 15. Qb3 a5 16. Rg1 Rf7 17. f6 Bf8 18. Bg6 gxf6 19. Bxf7+ Kxf7 20. exf6 Nxf6 21. Ne5+ 1-0

[Event "Winnipeg TNT May op"]
[Site "Winnipeg CAN"]
[Date "2008.05.27"]
[Round "4"]
[White "Lipnowski, Samuel"]
[Black "Babb, Jeff"]
[Result "1-0"]
[WhiteElo "2282"]
[BlackElo "2172"]
[PlyCount "125"]
[GameId "2160767910350989"]
[EventDate "2008.05.06"]
[EventType "swiss"]
[EventRounds "4"]
[EventCountry "CAN"]
[SourceTitle "EXT 2011"]
[Source "ChessBase"]
[SourceDate "2011.11.26"]
[SourceVersion "1"]
[SourceVersionDate "2011.11.26"]
[SourceQuality "1"]

1. e4 e5 2. Nf3 Nc6 3. Bb5 a6 4. Ba4 Nf6 5. O-O Nxe4 6. d4 b5 7. Bb3 d5 8. dxe5 Be6 9. c3 Bc5 10. Qe2 O-O 11. Be3 Na5 12. Bxc5 Nxc5 13. Bc2 Nc6 14. Nbd2 d4 15. cxd4 Nxd4 16. Nxd4 Qxd4 17. Nf3 Qf4 18. Rfe1 Bd5 19. Qe3 Qxe3 20. Rxe3 Ne6 21. Be4 Rad8 22. g3 Bxe4 23. Rxe4 Rd3 24. Kg2 f5 25. exf6 Rxf6 26. Ne5 Rd2 27. Ng4 Rg6 28. Rae1 h5 29. Rxe6 Rxe6 30. Rxe6 hxg4 31. Rxa6 Rxb2 32. Rc6 Rxa2 33. Rxc7 Kh7 34. Rc5 Rb2 35. Rg5 Rb4 36. h3 gxh3+ 37. Kxh3 Kh6 38. f4 Rb3 39. Kg4 b4 40. Rb5 Kg6 41. Rb6+ Kf7 42. f5 Ke7 43. Kf4 Kf7 44. g4 Rb1 45. Rb7+ Kf8 46. Kg5 b3 47. Kg6 b2 48. g5 Ke8 49. Kxg7 Rg1 50. Rxb2 Rxg5+ 51. Kf6 Rg1 52. Rb8+ Kd7 53. Kf7 Rf1 54. f6 Kd6 55. Re8 Kd7 56. Re2 Kd6 57. Kg7 Rg1+ 58. Kf8 Rf1 59. f7 Kd7 60. Rd2+ Kc7 61. Rg2 Kd7 62. Kg8 Ke7 63. Re2+ 1-0

[Event "Winnipeg TNT May op"]
[Site "Winnipeg CAN"]
[Date "2008.05.27"]
[Round "4"]
[White "Rutter, Blair"]
[Black "Bince, Rolando"]
[Result "1-0"]
[WhiteElo "1873"]
[BlackElo "1928"]
[PlyCount "129"]
[GameId "2160767910350990"]
[EventDate "2008.05.06"]
[EventType "swiss"]
[EventRounds "4"]
[EventCountry "CAN"]
[SourceTitle "EXT 2011"]
[Source "ChessBase"]
[SourceDate "2011.11.26"]
[SourceVersion "1"]
[SourceVersionDate "2011.11.26"]
[SourceQuality "1"]

1. c4 e5 2. g3 d5 3. Bg2 c6 4. Nc3 Nf6 5. e3 d4 6. exd4 exd4 7. Ne4 Be7 8. d3 O-O 9. Ne2 Nxe4 10. Bxe4 Bh3 11. Nf4 Qd7 12. Bxh7+ Kh8 13. Qh5 Bg4 14. Bf5+ Bxh5 15. Bxd7 Bf3 16. Bxc6 Bxh1 17. Bxh1 Nc6 18. Nd5 Bd6 19. Be4 f5 20. Bg2 Rae8+ 21. Kd2 Rf7 22. a3 Ne7 23. b4 Nxd5 24. cxd5 Rfe7 25. Bf3 Re1 26. Bb2 Rxa1 27. Bxa1 Be5 28. d6 Rb8 29. d7 b6 30. Bh5 Kg8 31. Kc2 g5 32. Kb3 b5 33. Bb2 Kf8 34. Bc1 Bf6 35. f4 gxf4 36. Bxf4 Rb7 37. Bd6+ Kg7 38. Be8 Kh6 39. Be5 Be7 40. Bxd4 Rc7 41. a4 bxa4+ 42. Kxa4 Rc2 43. h4 f4 44. gxf4 Bxh4 45. Kb5 Rd2 46. f5 Rxd3 47. Kc4 Rxd4+ 48. Kxd4 Kg7 49. Ke5 Bd8 50. b5 Be7 51. Kd5 Kf6 52. Bg6 Bd8 53. Kd6 Bb6 54. Kc6 Ke7 55. Bh7 Bd8 56. Bg8 Bb6 57. Be6 Ba5 58. Kc5 Bc3 59. Kd5 Ba5 60. Kc6 Bb6 61. Kb7 Kd8 62. f6 Bd4 63. f7 Bc5 64. f8=Q+ Bxf8 65. Kxa7 1-0

[Event "Winnipeg TNT May op"]
[Site "Winnipeg CAN"]
[Date "2008.05.27"]
[Round "4"]
[White "Schulz, Waldemar"]
[Black "Nikouline, Alexandre"]
[Result "1/2-1/2"]
[WhiteElo "2056"]
[BlackElo "2123"]
[PlyCount "130"]
[GameId "2160767910350991"]
[EventDate "2008.05.06"]
[EventType "swiss"]
[EventRounds "4"]
[EventCountry "CAN"]
[SourceTitle "EXT 2011"]
[Source "ChessBase"]
[SourceDate "2011.11.26"]
[SourceVersion "1"]
[SourceVersionDate "2011.11.26"]
[SourceQuality "1"]

1. Nf3 Nf6 2. c4 e6 3. g3 b6 4. Bg2 Bb7 5. O-O c5 6. Nc3 Be7 7. d4 cxd4 8. Qxd4 Nc6 9. Qf4 Rc8 10. Rd1 a6 11. b3 Qc7 12. Qxc7 Rxc7 13. Bf4 Rc8 14. Na4 Nh5 15. Nxb6 Nxf4 16. Nxc8 Nxe2+ 17. Kf1 Nxg3+ 18. hxg3 Bxc8 19. Ne1 h5 20. Nc2 h4 21. gxh4 Rxh4 22. Ke2 f5 23. Rh1 g5 24. Rad1 Ne5 25. Rd4 Ng6 26. Rdxh4 Nxh4 27. Ba8 Kd8 28. Rd1 Ng6 29. Nd4 Kc7 30. Nc2 Nf4+ 31. Kf1 e5 32. Ne3 d6 33. Nd5+ Nxd5 34. Bxd5 a5 35. Ke2 f4 36. Rh1 Bf5 37. Rh8 g4 38. Ra8 f3+ 39. Ke1 Bh4 40. Rh8 g3 41. Bxf3 gxf2+ 42. Kf1 Bg3 43. Rg8 Bh4 44. Rh8 Bg3 45. Rg8 Bf4 46. Kxf2 Bb1 47. a3 Bc2 48. Rg7+ Kb6 49. Rb7+ Kc5 50. Rb5+ Kd4 51. Rxa5 e4 52. Bxe4 Bxe4 53. Rb5 Be5 54. a4 Bc6 55. Rb8 Kc3 56. a5 Bd4+ 57. Kg3 Ba7 58. Rc8 Be4 59. Rc7 Bd4 60. a6 Kxb3 61. a7 Kb4 62. Kf4 Bh1 63. Kf5 Ka5 64. Ke6 Bc5 65. Rd7 Kb4 1/2-1/2

[Event "Winnipeg TNT May op"]
[Site "Winnipeg CAN"]
[Date "2008.05.27"]
[Round "4"]
[White "Trueman, Francis"]
[Black "Silva, T Romero"]
[Result "1-0"]
[WhiteElo "1462"]
[BlackElo "1815"]
[PlyCount "69"]
[GameId "2160767910350992"]
[EventDate "2008.05.06"]
[EventType "swiss"]
[EventRounds "4"]
[EventCountry "CAN"]
[SourceTitle "EXT 2011"]
[Source "ChessBase"]
[SourceDate "2011.11.26"]
[SourceVersion "1"]
[SourceVersionDate "2011.11.26"]
[SourceQuality "1"]

1. Nf3 Nf6 2. d3 d5 3. Nbd2 c6 4. g3 g6 5. Bg2 Bg7 6. O-O O-O 7. Re1 Re8 8. e4 dxe4 9. dxe4 Bg4 10. Qe2 e6 11. h3 Bxf3 12. Nxf3 Nbd7 13. Bf4 Nh5 14. Bc1 Qb6 15. Be3 Qa5 16. Bd2 Qc7 17. e5 Bh8 18. g4 Ng7 19. Bg5 a5 20. h4 h5 21. Nh2 hxg4 22. Nxg4 Nf5 23. Rad1 a4 24. Nf6+ Nxf6 25. Bxf6 Bxf6 26. exf6 Red8 27. Qg4 Rd6 28. Be4 Rad8 29. Bxf5 exf5 30. Qg5 Kh7 31. Rxd6 Qxd6 32. Re7 Qd1+ 33. Kg2 Kg8 34. c4 Rd4 35. Re8+ 1-0

[Event "Winnipeg TNT May op"]
[Site "Winnipeg CAN"]
[Date "2008.05.27"]
[Round "4"]
[White "Wasserman, Arie"]
[Black "Mundwiler, Les"]
[Result "0-1"]
[WhiteElo "1633"]
[BlackElo "2085"]
[PlyCount "82"]
[GameId "2160767910350993"]
[EventDate "2008.05.06"]
[EventType "swiss"]
[EventRounds "4"]
[EventCountry "CAN"]
[SourceTitle "EXT 2011"]
[Source "ChessBase"]
[SourceDate "2011.11.26"]
[SourceVersion "1"]
[SourceVersionDate "2011.11.26"]
[SourceQuality "1"]

1. e4 c5 2. Nf3 Nc6 3. d4 cxd4 4. Nxd4 Nf6 5. Nxc6 bxc6 6. Nc3 e6 7. Bg5 Bb4 8. Qf3 O-O 9. e5 Bxc3+ 10. Qxc3 Ne4 11. Bxd8 Nxc3 12. Be7 Re8 13. Bd6 Nd5 14. c4 Ne7 15. Bd3 Ba6 16. b3 Nd5 17. cxd5 Bxd3 18. dxc6 dxc6 19. Rd1 Be4 20. f3 Bd5 21. O-O a5 22. Rd2 Red8 23. Rc1 Rd7 24. b4 a4 25. a3 h5 26. h4 f6 27. f4 Kh7 28. g3 g5 29. Kf2 gxh4 30. gxh4 Rg8 31. Rg1 Rxg1 32. Kxg1 Rg7+ 33. Kf1 f5 34. Rd4 Kg8 35. Ke2 Kf7 36. Bc5 Rg4 37. Ke3 Rxh4 38. Rd3 Rh2 39. Rd2 Rh1 40. Ke2 h4 41. Rd1 Bf3+ 0-1

[Event "Winnipeg TNT October op"]
[Site "Winnipeg CAN"]
[Date "2008.10.07"]
[Round "1"]
[White "Daase, Jason"]
[Black "Lauritson, Jim"]
[Result "0-1"]
[WhiteElo "1238"]
[BlackElo "1926"]
[PlyCount "42"]
[GameId "2160767910311366"]
[EventDate "2008.10.07"]
[EventType "swiss"]
[EventRounds "4"]
[EventCountry "CAN"]
[SourceTitle "EXT 2011"]
[Source "ChessBase"]
[SourceDate "2011.11.26"]
[SourceVersion "1"]
[SourceVersionDate "2011.11.26"]
[SourceQuality "1"]

1. e4 c5 2. Nf3 e6 3. d4 cxd4 4. Nxd4 Nc6 5. Be3 Nf6 6. Nc3 a6 7. Bd3 Qc7 8. Qd2 Bb4 9. a3 Be7 10. f4 d6 11. O-O-O b5 12. Nxc6 Qxc6 13. Bd4 Bb7 14. Bxf6 Bxf6 15. Ne2 O-O 16. h4 a5 17. Kb1 b4 18. axb4 Qa4 19. Nc3 Bxc3 20. Qxc3 axb4 21. b3 Qa2+ 0-1

[Event "Winnipeg TNT October op"]
[Site "Winnipeg CAN"]
[Date "2008.10.07"]
[Round "1"]
[White "Green, Aaron"]
[Black "Gibson, Fred"]
[Result "1-0"]
[WhiteElo "1753"]
[BlackElo "1320"]
[PlyCount "105"]
[GameId "2160767910311367"]
[EventDate "2008.10.07"]
[EventType "swiss"]
[EventRounds "4"]
[EventCountry "CAN"]
[SourceTitle "EXT 2011"]
[Source "ChessBase"]
[SourceDate "2011.11.26"]
[SourceVersion "1"]
[SourceVersionDate "2011.11.26"]
[SourceQuality "1"]

1. e4 e5 2. Nf3 Nf6 3. Nc3 Nc6 4. Bb5 Be7 5. Bxc6 bxc6 6. Nxe5 d5 7. Nxc6 Qd7 8. Nxe7 Qxe7 9. O-O O-O 10. exd5 Bb7 11. d3 Nxd5 12. Nxd5 Bxd5 13. Re1 Qd6 14. b3 Qg6 15. g3 f5 16. Bf4 Qc6 17. Re3 Rae8 18. Kf1 Rxe3 19. Bxe3 Bg2+ 20. Ke1 Re8 21. Kd2 Bf3 22. Qf1 Bg2 23. Qd1 Bf3 24. Qg1 Qa6 25. a4 Qa5+ 26. c3 Rd8 27. Kc2 Qa6 28. Qf1 Rxd3 29. Kb2 Qd6 30. Rc1 a6 31. h4 a5 32. Bd4 Rd2+ 33. Rc2 Rd1 34. Qc4+ Bd5 35. Qb5 c6 36. Qxa5 Qb8 37. Qb6 Qxb6 38. Bxb6 g6 39. a5 Be4 40. Rc1 Rd2+ 41. Ka3 Bd3 42. c4 Be4 43. a6 c5 44. Bxc5 Bc6 45. a7 Kf7 46. b4 Rd3+ 47. Kb2 Rd2+ 48. Rc2 Rxc2+ 49. Kxc2 Ke8 50. b5 Bb7 51. Bb6 Kd7 52. Kd3 Kd6 53. Kd4 1-0

[Event "Winnipeg TNT October op"]
[Site "Winnipeg CAN"]
[Date "2008.10.07"]
[Round "1"]
[White "Green, Leah"]
[Black "Evans, Brian"]
[Result "0-1"]
[WhiteElo "1168"]
[BlackElo "1515"]
[PlyCount "112"]
[GameId "2160767910311368"]
[EventDate "2008.10.07"]
[EventType "swiss"]
[EventRounds "4"]
[EventCountry "CAN"]
[SourceTitle "EXT 2011"]
[Source "ChessBase"]
[SourceDate "2011.11.26"]
[SourceVersion "1"]
[SourceVersionDate "2011.11.26"]
[SourceQuality "1"]

1. e4 c5 2. Nf3 d6 3. Nc3 Nf6 4. Bc4 a6 5. d3 e6 6. Bg5 Be7 7. Qd2 h6 8. Bh4 Nxe4 9. Bxe7 Nxd2 10. Bxd8 Nxf3+ 11. gxf3 Kxd8 12. O-O-O Nc6 13. Ne2 b5 14. Bb3 Bb7 15. Rhg1 g6 16. c4 Na5 17. f4 Nxb3+ 18. axb3 Bf3 19. Rde1 Bxe2 20. Rxe2 Ke7 21. Kc2 Kf6 22. Kd2 Kf5 23. Ke3 Rhe8 24. Kf3 bxc4 25. bxc4 Reb8 26. Ra1 Rb3 27. Rd2 d5 28. cxd5 exd5 29. Ra3 Rxa3 30. bxa3 Rb8 31. Re2 f6 32. a4 Rb3 33. Ke3 d4+ 34. Kd2 Rb2+ 35. Kd1 Rxe2 36. Kxe2 Kxf4 37. f3 f5 38. Kf2 g5 39. Ke2 g4 40. fxg4 Kxg4 41. Kf2 Kf4 42. a5 Kg4 43. Kg2 f4 44. h3+ Kh4 45. Kh2 f3 46. Kg1 Kxh3 47. Kh1 Kg3 48. Kg1 h5 49. Kh1 Kf2 50. Kh2 Ke2 51. Kg1 f2+ 52. Kh2 f1=Q 53. Kg3 Qf3+ 54. Kh2 Qg4 55. Kh1 Kf2 56. Kh2 Qg2# 0-1

[Event "Winnipeg TNT October op"]
[Site "Winnipeg CAN"]
[Date "2008.10.07"]
[Round "1"]
[White "Kernetsky, Myron"]
[Black "Ott, Richard"]
[Result "1-0"]
[WhiteElo "1945"]
[BlackElo "1450"]
[PlyCount "71"]
[GameId "2160767910311369"]
[EventDate "2008.10.07"]
[EventType "swiss"]
[EventRounds "4"]
[EventCountry "CAN"]
[SourceTitle "EXT 2011"]
[Source "ChessBase"]
[SourceDate "2011.11.26"]
[SourceVersion "1"]
[SourceVersionDate "2011.11.26"]
[SourceQuality "1"]

1. d4 Nf6 2. c4 e6 3. Nf3 d5 4. Nc3 c5 5. cxd5 exd5 6. g3 Nc6 7. Bg2 cxd4 8. Nxd4 Be7 9. O-O O-O 10. Bf4 a6 11. h3 Re8 12. Rc1 Be6 13. Re1 Bc5 14. Be3 Nxd4 15. Bxd4 Bxd4 16. Qxd4 Qd7 17. Kh2 Rad8 18. Red1 Qd6 19. e4 Nd7 20. exd5 Bf5 21. f4 h5 22. Re1 Nc5 23. Bf1 g5 24. fxg5 Ne6 25. Qf2 h4 26. dxe6 hxg3+ 27. Qxg3 Qd2+ 28. Qg2 Qf4+ 29. Qg3 Rd2+ 30. Bg2 Rxg2+ 31. Kxg2 Qd2+ 32. Kg1 Bxe6 33. Ne4 Qd4+ 34. Qf2 Qg7 35. Nf6+ Kf8 36. Qc5+ 1-0

[Event "Winnipeg TNT October op"]
[Site "Winnipeg CAN"]
[Date "2008.10.07"]
[Round "1"]
[White "Mandusic, Ante"]
[Black "Green, Jim"]
[Result "0-1"]
[WhiteElo "1234"]
[BlackElo "1738"]
[PlyCount "76"]
[GameId "2160767910311370"]
[EventDate "2008.10.07"]
[EventType "swiss"]
[EventRounds "4"]
[EventCountry "CAN"]
[SourceTitle "EXT 2011"]
[Source "ChessBase"]
[SourceDate "2011.11.26"]
[SourceVersion "1"]
[SourceVersionDate "2011.11.26"]
[SourceQuality "1"]

1. g3 d5 2. d4 c6 3. Bg2 Nf6 4. Nf3 g6 5. O-O Bg7 6. Nc3 O-O 7. b3 Nbd7 8. e3 Re8 9. a4 a5 10. Re1 Qc7 11. Bb2 e5 12. e4 exd4 13. Nxd4 dxe4 14. Bxe4 Nc5 15. Bg2 Bg4 16. Bf3 Be6 17. Ba3 Nfd7 18. Rb1 Rad8 19. Nce2 Na6 20. Nf4 Nf8 21. c3 c5 22. Nb5 Rxd1 23. Nxc7 Rxe1+ 24. Rxe1 Nxc7 25. c4 b6 26. Bc1 Rd8 27. Bd1 Bc3 28. Re4 Rxd1+ 29. Kg2 Rxc1 30. Ne2 Rc2 31. Nf4 Bd4 32. h4 Rxf2+ 33. Kg1 Rxf4+ 34. Kg2 Rxe4 35. Kf3 Re3+ 36. Kf4 Bh3 37. Kg5 Nce6+ 38. Kh6 Bg7# 0-1